Comedy Movie Taglines Quiz Stats

 Plays Quiz Updated Aug 27, 2018

Support Sporcle.
Go Orange.
Score 0/20 Timer 06:00
1 Play Today
Tagline Film % Correct
Some guys just can't handle Vegas.The Hangover
91%
One Dream. Four Jamaicans. Twenty Below Zero. Cool Runnings
71.1%
The craziest flight you'll ever take!Airplane!
63.3%
May the Schwartz be with you!Spaceballs
61.5%
A woman's place is on home, first, second, and third.A League of Their Own
52.5%
His news is bigger than your news.Anchorman: The Legend of Ron Burgundy
52%
If he were any cooler, he'd still be frozen, baby!Austin Powers: International Man of Mystery
48%
Say it once... Say it twice... But we dare you to say it THREE TIMES.Beetlejuice
41.6%
Love is wonderful. Until it happens to your only daughter.Father of the Bride
39.6%
There's something about your first piece.American Pie
34.3%
Tagline Film % Correct
The greatest fairy tale never told. Shrek
33.3%
The movie they think they're making... isn't a movie anymore.Tropic Thunder
25.6%
They're not just getting rich... They're getting even.Trading Places
25.5%
It's just one of those days when you're feeling a little...dead.Shaun of the Dead
23.5%
Two cops. One is all talk. The other is all action.Rush Hour
20.9%
A Family Comedy Without The Family.Home Alone
19.7%
Just Because They Serve You... Doesn't Mean They Like You.Clerks.
16.2%
And now! At Last! Another film completely different from some of the other films which aren't quite the same as this one is.Monty Python & the Holy Grail
15.7%
One ordinary couple. One little white lie.Date Night
15.2%
From rags to riches... to rags.The Jerk
14.4%

You're not logged in!

Compare scores with friends on all Sporcle quizzes.
OR
Log In

From the Vault

Trivia Pyramid: Religion & Mythology

by Purple_Parrot

Are you up to the task? We believe in you.
Remove Ads.
Support Sporcle.
Get the best of Sporcle when you Go Orange. This ad-free experience offers more features, more stats, and more fun while also helping to support Sporcle. Thank you for becoming a member.

Show Comments

Extras

Top Quizzes Today


Score Distribution

Your Account Isn't Verified!

In order to create a playlist on Sporcle, you need to verify the email address you used during registration. Go to your Sporcle Settings to finish the process.

Report this User

Report this user for behavior that violates our Community Guidelines.

Details: